LEADER 01127nam 2200361 450 001 9910145679203321 005 20180302144823.0 010 $a1-5090-7765-0 035 $a(CKB)1000000000711265 035 $a(WaSeSS)IndRDA00093268 035 $a(EXLCZ)991000000000711265 100 $a20180302d2008 || | 101 0 $aeng 135 $aur||||||||||| 181 $ctxt$2rdacontent 182 $cc$2rdamedia 183 $acr$2rdacarrier 200 10$a2008 14th IEEE International On-Line Testing Symposium $e7-9 July 2008 210 1$aNew York :$cIEEE,$d2008. 215 $a1 online resource (306 pages) 311 $a0-7695-3264-0 606 $aElectronic circuits$xTesting$vCongresses 606 $aOnline data processing$vCongresses 606 $aElectronic circuit design$vCongresses 615 0$aElectronic circuits$xTesting 615 0$aOnline data processing 615 0$aElectronic circuit design 801 0$bWaSeSS 801 1$bWaSeSS 906 $aPROCEEDING 912 $a9910145679203321 996 $a2008 14th IEEE International On-Line Testing Symposium$92337576 997 $aUNINA LEADER 01197nam a2200349 i 4500 001 991000804399707536 005 20020507173813.0 008 950529s1980 de ||| | eng 020 $a3540102434 035 $ab10759566-39ule_inst 035 $aLE01302578$9ExL 040 $aDip.to Matematica$beng 082 0 $a510 084 $aAMS 05B05 084 $aQA3 100 1 $aHsu, D. Frank$058933 245 10$aCyclic neofields and combinatorial designs /$cD. Frank Hsu 260 $aBerlin ; New York :$bSpringer-Verlag,$c1980 300 $avi, 230 p. :$bill. ;$c24 cm. 490 0 $aLecture notes in mathematics,$x0075-8434 ;$v824 500 $aBibliography: p. 224-226. 500 $aIncludes index. 650 4$aAlgebraic fields 650 4$aBlock designs 650 4$aCombinatorial designs and configurations 650 4$aCyclotomy 907 $a.b10759566$b23-02-17$c28-06-02 912 $a991000804399707536 945 $aLE013 05B HSU11 (1980)$g1$i2013000028934$lle013$o-$pE0.00$q-$rl$s- $t0$u0$v0$w0$x0$y.i10854666$z28-06-02 996 $aCyclic neofields and combinatorial designs$981045 997 $aUNISALENTO 998 $ale013$b01-01-95$cm$da $e-$feng$gde $h0$i1